LEADER 01692nam0 2200385 i 450 001 SUN0123454 005 20200318020756.623 010 $d0.00 017 70$2N$a9783319476964 100 $a20190920d2017 |0engc50 ba 101 $aeng 102 $aCH 105 $a|||| ||||| 200 1 $a*Designing of Elastomer Nanocomposites: From Theory to Applications$feds. Klaus Werner Stöckelhuber, Amit Das, Manfred Klüppel 205 $aCham : Springer, 2017 210 $aXII$d402 p.$cill. ; 24 cm 215 $aPubblicazione in formato elettronico 410 1$1001SUN0123326$12001 $a*Advances in Polymer Science$v275$1210 $aCham$cSpringer. 620 $aCH$dCham$3SUNL001889 676 $a540$cChimica generale$v22 676 $a543.028$cChimica analitica. Tecniche e procedure ausiliari, materiali$v22 676 $a530.41$cFisica dello stato solido$v22 676 $a620.192$cPolimeri$v22 676 $a620.14$cCeramica e materiali affini$v22 702 1$aDas$b, Amit$3SUNV094869 702 1$aKlüppel$b, Manfred$3SUNV094870 702 1$aStöckelhuber$b, Klaus W.$3SUNV094871 712 $aSpringer$3SUNV000178$4650 790 1$aStöckelhuber, Klaus Werner$zStöckelhuber, Klaus W.$3SUNV094873 801 $aIT$bSOL$c20200921$gRICA 856 4 $uhttps://link.springer.com/book/10.1007%2F978-3-319-47696-4#about 912 $aSUN0123454 950 $aUFFICIO DI BIBLIOTECA DEL DIPARTIMENTO DI SCIENZE E TECNOLOGIE AMBIENTALI BIOLOGICHE E FARMACEUTICHE$d17CONS e-book 2111 $e17BIB2111 89 20190920 996 $aDesigning of Elastomer Nanocomposites: From Theory to Applications$91560518 997 $aUNICAMPANIA LEADER 02117nam 2200649 450 001 9910466289903321 005 20200923020339.0 010 $a94-92444-27-5 035 $a(CKB)3840000000350285 035 $a(MiAaPQ)EBC5288343 035 $a(Au-PeEL)EBL5288343 035 $a(CaPaEBR)ebr11511433 035 $a(OCoLC)1023551968 035 $a(EXLCZ)993840000000350285 100 $a20180327h20122012 uy 0 101 0 $aeng 135 $aurcnu|||||||| 181 $2rdacontent 182 $2rdamedia 183 $2rdacarrier 200 10$aDigital atlas of economic plants in archaeology /$fReinder Neef, Rene? T.J. Cappers, Rene?e M. Bekker ; with contributions by L. Boulos [and six others] 210 1$aGroningen, [Netherlands] :$cBarkhuis Publishing & University of Groningen Library,$d2012. 210 4$d©2012 215 $a1 online resource (761 pages) $ccolor illustrations, maps 225 1 $aGroningen Archaeological Studies,$x1572-1760 ;$vVolume 17 311 $a94-91431-02-1 320 $aIncludes bibliographical references and index. 410 0$aGroningen archaeological studies ;$vVolume 17. 606 $aPlants, Useful$vAtlases 606 $aPlants, Edible$vAtlases 606 $aMedicinal plants$vAtlases 606 $aSeeds$vIdentification 606 $aMedicinal plants$vIdentification 606 $aSeeds$vAtlases 606 $aPlants, Useful$vIdentification 606 $aPlants, Edible$vIdentification 608 $aElectronic books. 615 0$aPlants, Useful 615 0$aPlants, Edible 615 0$aMedicinal plants 615 0$aSeeds 615 0$aMedicinal plants 615 0$aSeeds 615 0$aPlants, Useful 615 0$aPlants, Edible 676 $a581.63096982 700 $aNeef$b Reinder$0524008 702 $aCappers$b Rene? T. J. 702 $aBekker$b Rene?e M. 702 $aBoulos$b Loutfy 801 0$bMiAaPQ 801 1$bMiAaPQ 801 2$bMiAaPQ 906 $aBOOK 912 $a9910466289903321 996 $aDigital atlas of economic plants in archaeology$92239946 997 $aUNINA